|
|
|
|
| LEADER |
00000nab a2200000 a 4500 |
| 001 |
vtls000080837 |
| 003 |
SK-MaSNL |
| 005 |
20260305015432.0 |
| 008 |
250422c1980 xo 0 slo |
| 015 |
|
|
|a SNBRB19rr/mm-uuuuu
|
| 035 |
|
|
|a CL0090938
|
| 035 |
|
|
|a urn:nbn:sk:snk-ab1l1m
|
| 035 |
|
|
|a (urnnbn)urn:nbn:sk:snk:ar-004cea
|
| 035 |
|
|
|a (uuid)bf3fde5f-4ccd-4d87-91bc-38da05e5890e
|
| 040 |
|
|
|a SNKBUCL
|b slo
|c SNKBUCL
|e AACR2
|
| 041 |
0 |
|
|a slo
|
| 044 |
|
|
|a xo
|c SK
|
| 080 |
|
|
|a 801.3
|2 1981
|
| 080 |
|
|
|a 808.54
|2 1981
|
| 080 |
|
|
|a 808.2
|2 1981
|
| 080 |
|
|
|a 621
|2 1981
|
| 100 |
1 |
|
|a Oroszová, Daniela,
|d 1942-
|4 aut
|9 37347
|
| 245 |
1 |
0 |
|a O motivácii termínov v ruskej a slovenskej strojárskej terminológii
|c Daniela Oroszová
|
| 650 |
0 |
7 |
|a terminológia strojárska
|2 snkbucl
|9 1594389
|
| 650 |
0 |
7 |
|a strojárstvo
|2 snkbucl
|9 674
|
| 655 |
|
7 |
|a články z novín a časopisov
|2 snkbucl
|9 267496
|
| 773 |
0 |
|
|t Kultúra slova
|g Roč. 14, č. 10 (1980), s. 356-359
|
| 850 |
|
|
|a Slovenská národná knižnica
|
| 852 |
|
|
|a Slovenská národná knižnica
|
| 954 |
|
|
|a odborná, vedecká literatúra pôvodná (slovenská)
|2 lita
|
| 958 |
|
|
|a article27
|
| 958 |
|
|
|a OND
|
| 958 |
|
|
|a RK
|
| 958 |
|
|
|a SK
|
| 958 |
|
|
|a EUIPO
|
| 992 |
|
|
|a RBX
|
| 999 |
|
|
|c 3274875
|d 3276805
|